000 00595nam a2200217Ia 4500
003 OSt
005 20220926012124.0
006 a|||||r|||| 00| 0
007 ta
008 220923b |||||||| |||| 00| 0 eng d
037 _cGeneral Book
040 _aRTL
_cRTL
_beng
041 _2eng
_aeng
082 _aB28, L0/SC
100 _aDAVIS Morton D
_9315538
245 0 _aGame theory
_b Nontechnical introduction.
260 _aNew York
_bBasic books
_c1970
300 _axii,208p.
_ccm.
942 _hB28, L0/SC
_cGB
_2CC
999 _c621760
_d621760